| 000 | 00000nam 2200000zi 4500 |
| 001 | 9.937020 |
| 003 | CaOODSP |
| 005 | 20240418105341 |
| 006 | m o d f |
| 007 | cr mn||||||||| |
| 008 | 240418s2022 quc o f000 0 eng d |
| 040 | |aCaOODSP|beng|erda|cCaOODSP |
| 043 | |an-cn--- |
| 045 | |ay1y2 |
| 086 | 1 |aEn4-457/2022-1E-PDF |
| 245 | 00|aAt a glance : |baudit of the administration of the Canada Nature Fund contribution program. |
| 264 | 1|a[Gatineau, Quebec] : |bEnvironment and Climate Change Canada = Environnement et changement climatique Canada, |c[2022] |
| 300 | |a1 online resource (4 pages) |
| 336 | |atext|btxt|2rdacontent |
| 337 | |acomputer|bc|2rdamedia |
| 338 | |aonline resource|bcr|2rdacarrier |
| 500 | |aIssued also in French under title: Regards sur l'audit : audit de l'administration du programme de contributions du Fonds de la nature du Canada. |
| 610 | 10|aCanada. |bEnvironment and Climate Change Canada|xAuditing. |
| 650 | 0|aNature conservation|zCanada|xFinance|xAuditing. |
| 650 | 0|aNature conservation|xGovernment policy|zCanada|xAuditing. |
| 710 | 1 |aCanada. |bEnvironment and Climate Change Canada. |bAudit and Evaluation Branch, |eissuing body. |
| 775 | 08|tRegards sur l'audit : |w(CaOODSP)9.937024 |
| 856 | 40|qPDF|s174 KB|uhttps://publications.gc.ca/collections/collection_2024/eccc/en4/En4-457-2022-1-eng.pdf |
| 856 | 4 |qHTML|sN/A|uhttps://www.canada.ca/en/environment-climate-change/corporate/transparency/priorities-management/internal-audits/administration-canada-nature-fund-contribution-program/at-a-glance.html |